[Event "Agen_2017-Accession"]
[Site "Agen"]
[Date "2017.08.27"]
[Round "9.26"]
[White "Mancini, Mario"]
[Black "Suez-Panama, Gilles"]
[Result "1-0"]
[WhiteElo "2199"]
[BlackElo "2078"]
[PlyCount "141"]
[EventDate "2017.08.??"]
[EventType "swiss"]
[EventRounds "9"]
[EventCountry "FRA"]
[WhiteTeam "Cercle d'Echecs de Villepinte"]
[BlackTeam "Arsenal"]

1. d4 Nf6 2. c4 g6 3. Nc3 Bg7 4. e4 d6 5. Be2 Nbd7 6. Bg5 c6 7. f3 e5 8. d5 c5
9. Nh3 a6 10. Nf2 h6 11. Be3 Nh5 12. Qc2 Rb8 13. g3 Nb6 14. Bd3 Bd7 15. a3 Nc8
16. b4 b6 17. Rb1 Ne7 18. O-O O-O 19. bxc5 bxc5 20. Rxb8 Qxb8 21. Rb1 Qc7 22.
Qb2 f5 23. Bd2 f4 24. g4 Nf6 25. Qb6 Rc8 26. Qxc7 Rxc7 27. Rb6 Ra7 28. Bc2 Ne8
29. Ba4 Bxa4 30. Nxa4 Bf8 31. Rb8 Nf6 32. Nb6 g5 33. Ba5 Nd7 34. Nxd7 Rxd7 35.
Nd1 Ng6 36. Nc3 Nh4 37. Kf2 h5 38. h3 hxg4 39. hxg4 Rh7 40. Bd8 Nxf3 41. Kxf3
Rh3+ 42. Ke2 Rxc3 43. Be7 Kf7 44. Bxf8 Rxc4 45. Bxd6 Rxe4+ 46. Kf2 Rd4 47. Bxe5
Rxd5 48. Rb7+ Ke6 49. Bh8 Rd2+ 50. Kf3 Rd3+ 51. Kf2 Rxa3 52. Rb6+ Kd5 53. Rg6
Ra2+ 54. Ke1 Ke4 55. Rxg5 Rh2 56. Bf6 Kf3 57. Rh5 Re2+ 58. Kd1 Re6 59. g5 Kg2
60. g6 Rxf6 61. Rg5+ Kf1 62. g7 Rd6+ 63. Kc2 Rd8 64. g8=Q Rxg8 65. Rxg8 Ke2 66.
Re8+ Kf2 67. Kd2 f3 68. Rc8 Kg2 69. Rxc5 f2 70. Rg5+ Kf1 71. Rf5 1-0

[Event "Agen_2017-Accession"]
[Site "Agen"]
[Date "2017.08.27"]
[Round "9.27"]
[White "De Lussac, Rainier"]
[Black "Gardet, Thomas"]
[Result "1-0"]
[WhiteElo "2149"]
[BlackElo "2007"]
[PlyCount "53"]
[EventDate "2017.08.??"]
[EventType "swiss"]
[EventRounds "9"]
[EventCountry "FRA"]
[WhiteTeam "Chevau-légers de la Choisille"]
[BlackTeam "Echecs Club de Petit Bourg"]

1. d4 Nf6 2. Nf3 g6 3. c4 Bg7 4. g3 O-O 5. Bg2 d6 6. O-O Nbd7 7. Nc3 e5 8. e4
exd4 9. Nxd4 Re8 10. h3 a6 11. Re1 Rb8 12. Kh2 c5 13. Nc2 Ne5 14. Bf1 Be6 15.
f4 Nxc4 16. f5 gxf5 17. exf5 Nxb2 18. Bxb2 Bxf5 19. Rxe8+ Qxe8 20. Bg2 Qd7 21.
Ne3 Be6 22. Rb1 Re8 23. Ncd5 Nxd5 24. Nxd5 b5 25. Nf6+ Bxf6 26. Bxf6 Bxa2 27.
Qh5 1-0

[Event "Agen_2017-Accession"]
[Site "Agen"]
[Date "2017.08.27"]
[Round "9.28"]
[White "Boyer, Mahel"]
[Black "Pottier, Simeon"]
[Result "1/2-1/2"]
[WhiteElo "2207"]
[BlackElo "2006"]
[PlyCount "54"]
[EventDate "2017.08.??"]
[EventType "swiss"]
[EventRounds "9"]
[EventCountry "FRA"]
[WhiteTeam "Echiquier Nîmois"]
[BlackTeam "Rois et Dames des Trois Cites"]

1. d4 Nf6 2. c4 c5 3. d5 b5 4. cxb5 a6 5. f3 axb5 6. e4 Qa5+ 7. Bd2 b4 8. Na3
d6 9. Nc4 Qd8 10. a4 e6 11. dxe6 Bxe6 12. Ne3 Be7 13. Bb5+ Bd7 14. Bxd7+ Qxd7
15. Ne2 O-O 16. O-O d5 17. exd5 Nxd5 18. Nxd5 Qxd5 19. Be3 Qe6 20. Qc1 c4 21.
Nd4 Qa6 22. Nb5 Rc8 23. Rd1 Qe6 24. Re1 Qd7 25. Rd1 Qe6 26. Re1 Qd7 27. Rd1 Qe6
1/2-1/2

[Event "Agen_2017-Accession"]
[Site "Agen"]
[Date "2017.08.27"]
[Round "9.29"]
[White "Flachet, Thierry"]
[Black "Pottier, Alexandre"]
[Result "1/2-1/2"]
[WhiteElo "2104"]
[BlackElo "2127"]
[PlyCount "126"]
[EventDate "2017.08.??"]
[EventType "swiss"]
[EventRounds "9"]
[EventCountry "FRA"]
[WhiteTeam "Cercle d'échecs des Sables d'Olonne"]
[BlackTeam "C.E. de Rueil Malmaison"]

1. Nf3 d5 2. d4 e6 3. c4 a6 4. c5 b6 5. cxb6 cxb6 6. Bf4 Bd6 7. Bxd6 Qxd6 8. e3
Nf6 9. Bd3 Nbd7 10. O-O O-O 11. Nc3 Bb7 12. Qe2 b5 13. Rac1 Rac8 14. Rc2 Ne4
15. Rfc1 f5 16. Nd1 Rxc2 17. Rxc2 e5 18. dxe5 Nxe5 19. Nd4 f4 20. f3 fxe3 21.
Qxe3 Nxd3 22. Qxd3 Nf6 23. Ne3 Rc8 24. Rxc8+ Bxc8 25. Qc3 Bd7 26. b4 Qe5 27.
Qd2 h5 28. Nb3 h4 29. Qd4 Qg5 30. Nc5 Bc6 31. Kf2 h3 32. g3 Qg6 33. Nd3 Bb7 34.
g4 Qh6 35. Kg3 Nd7 36. Nf5 Qg5 37. f4 Qf6 38. Qxf6 Nxf6 39. Kxh3 g6 40. Nd4 Bc8
41. Ne5 Kh7 42. Kg3 Ne4+ 43. Kf3 Nc3 44. Ke3 Nxa2 45. Nc2 Nc3 46. h3 Kg7 47.
Nd3 Kf6 48. Kd4 Ne2+ 49. Kxd5 Be6+ 50. Kd6 Bc4 51. Nce1 Nd4 52. Nf2 Bf1 53. h4
Be2 54. Ned3 Nf3 55. Nc1 Bc4 56. Ne4+ Kg7 57. h5 gxh5 58. gxh5 Nd4 59. Ng3 Kf6
60. Ne4+ Kf5 61. Nc5 Kxf4 62. h6 Nf5+ 63. Kc7 Nxh6 1/2-1/2

[Event "Agen 2017 National playoff"]
[Site "?"]
[Date "2017.08.27"]
[Round "10.1"]
[White "Bacrot, Etienne"]
[Black "Fressinet, Laurent"]
[Result "1/2-1/2"]
[BlackElo "2650"]
[WhiteElo "2715"]
[LiveChessVersion "1.4.8"]

1. e4 {[%clk 0:10:09]} e5 {[%clk 0:10:08]} 2. Nf3 {[%clk 0:10:12]} Nc6
{[%clk 0:10:11]} 3. Bb5 {[%clk 0:10:16]} a6 {[%clk 0:10:15]} 4. Ba4
{[%clk 0:10:20]} Nf6 {[%clk 0:10:17]} 5. O-O {[%clk 0:10:23]} b5 {[%clk 0:10:20]}
6. Bb3 {[%clk 0:10:26]} Bc5 {[%clk 0:10:24]} 7. a4 {[%clk 0:10:17]} Rb8
{[%clk 0:10:27]} 8. axb5 {[%clk 0:10:17]} axb5 {[%clk 0:10:29]} 9. c3
{[%clk 0:10:20]} d6 {[%clk 0:10:26]} 10. d4 {[%clk 0:10:21]} Bb6 {[%clk 0:10:28]}
11. Qd3 {[%clk 0:10:20]} O-O {[%clk 0:10:11]} 12. Bg5 {[%clk 0:10:23]} exd4
{[%clk 0:09:51]} 13. cxd4 {[%clk 0:10:24]} h6 {[%clk 0:09:55]} 14. Bh4
{[%clk 0:10:01]} g5 {[%clk 0:09:59]} 15. Bg3 {[%clk 0:10:00]} Nh5
{[%clk 0:09:27]} 16. e5 {[%clk 0:09:37]} Kg7 {[%clk 0:08:46]} 17. Bc2
{[%clk 0:07:40]} Rh8 {[%clk 0:08:41]} 18. Qc3 {[%clk 0:07:07]} Nxg3
{[%clk 0:07:44]} 19. hxg3 {[%clk 0:07:08]} g4 {[%clk 0:07:13]} 20. d5
{[%clk 0:06:14]} Nxe5 {[%clk 0:06:11]} 21. Nxe5 {[%clk 0:06:05]} dxe5
{[%clk 0:06:14]} 22. Qxe5+ {[%clk 0:06:04]} Qf6 {[%clk 0:06:18]} 23. Qxf6+
{[%clk 0:06:02]} Kxf6 {[%clk 0:06:22]} 24. Nc3 {[%clk 0:06:06]} Bd7
{[%clk 0:05:45]} 25. d6 {[%clk 0:05:12]} cxd6 {[%clk 0:04:43]} 26. Rfd1
{[%clk 0:04:20]} Kg7 {[%clk 0:04:34]} 27. Rxd6 {[%clk 0:03:54]} Be6
{[%clk 0:04:36]} 28. Ra6 {[%clk 0:03:07]} Bc5 {[%clk 0:04:25]} 29. Rdc6
{[%clk 0:03:09]} Rhc8 {[%clk 0:03:09]} 30. Bd3 {[%clk 0:03:06]} b4
{[%clk 0:02:47]} 31. Ne4 {[%clk 0:03:10]} Rxc6 {[%clk 0:02:37]} 32. Rxc6
{[%clk 0:03:13]} Bd4 {[%clk 0:02:40]} 33. Nc5 {[%clk 0:02:47]} Bxc5
{[%clk 0:01:25]} 34. Rxc5 {[%clk 0:02:51]} Rd8 {[%clk 0:01:30]} 35. Bf5
{[%clk 0:02:00]} Rd1+ {[%clk 0:00:50]} 36. Kh2 {[%clk 0:02:03]} Bxf5
{[%clk 0:00:54]} 37. Rxf5 {[%clk 0:02:07]} Rd4 {[%clk 0:00:37]} 38. Rb5
{[%clk 0:01:56]} Kg6 {[%clk 0:00:30]} 39. Kg1 {[%clk 0:01:56]} Rd1+
{[%clk 0:00:33]} 40. Kh2 {[%clk 0:02:00]} Rd4 {[%clk 0:00:35]} 41. Kg1
{[%clk 0:02:04]} 1/2-1/2

[Event "Agen 2017 National playoff"]
[Site "?"]
[Date "2017.08.27"]
[Round "10.2"]
[White "Fressinet, Laurent"]
[Black "Bacrot, Etienne"]
[Result "1/2-1/2"]
[BlackElo "2715"]
[WhiteElo "2650"]
[LiveChessVersion "1.4.8"]

1. e4 {[%clk 0:10:09]} e5 {[%clk 0:10:09]} 2. Nf3 {[%clk 0:10:12]} Nc6
{[%clk 0:10:13]} 3. Bb5 {[%clk 0:10:15]} Nf6 {[%clk 0:10:17]} 4. d3
{[%clk 0:10:18]} d6 {[%clk 0:10:20]} 5. O-O {[%clk 0:10:17]} Bd7 {[%clk 0:10:24]}
6. Re1 {[%clk 0:09:56]} Be7 {[%clk 0:10:11]} 7. c3 {[%clk 0:09:41]} O-O
{[%clk 0:10:12]} 8. Nbd2 {[%clk 0:09:33]} Re8 {[%clk 0:10:00]} 9. Nf1
{[%clk 0:09:16]} Bf8 {[%clk 0:09:57]} 10. Bg5 {[%clk 0:08:55]} h6
{[%clk 0:09:50]} 11. Bh4 {[%clk 0:08:47]} Be7 {[%clk 0:08:42]} 12. a4
{[%clk 0:08:08]} Nh7 {[%clk 0:08:13]} 13. Bg3 {[%clk 0:07:39]} f5
{[%clk 0:07:41]} 14. exf5 {[%clk 0:07:15]} Bxf5 {[%clk 0:07:45]} 15. d4
{[%clk 0:06:30]} e4 {[%clk 0:05:57]} 16. d5 {[%clk 0:06:12]} exf3
{[%clk 0:04:57]} 17. Qxf3 {[%clk 0:04:55]} Bd7 {[%clk 0:03:48]} 18. dxc6
{[%clk 0:04:57]} bxc6 {[%clk 0:03:52]} 19. Bxc6 {[%clk 0:04:59]} Rb8
{[%clk 0:03:50]} 20. Bxd7 {[%clk 0:04:24]} Qxd7 {[%clk 0:03:54]} 21. Re2
{[%clk 0:04:28]} Bf6 {[%clk 0:03:44]} 22. h4 {[%clk 0:03:04]} Rxe2
{[%clk 0:03:05]} 23. Qxe2 {[%clk 0:03:08]} Nf8 {[%clk 0:03:09]} 24. Ne3
{[%clk 0:02:55]} Qe6 {[%clk 0:03:08]} 25. Rd1 {[%clk 0:02:28]} Nd7
{[%clk 0:03:02]} 26. Qc4 {[%clk 0:01:39]} Qxc4 {[%clk 0:02:44]} 27. Nxc4
{[%clk 0:01:43]} Nb6 {[%clk 0:02:48]} 28. Nxb6 {[%clk 0:00:50]} Rxb6
{[%clk 0:02:52]} 29. Rd2 {[%clk 0:00:51]} Ra6 {[%clk 0:02:54]} 30. Rd5
{[%clk 0:00:24]} Rxa4 {[%clk 0:01:49]} 31. Rb5 {[%clk 0:00:29]} Bxh4
{[%clk 0:01:49]} 32. Bxh4 {[%clk 0:00:32]} Rxh4 {[%clk 0:01:53]} 33. Rb7
{[%clk 0:00:25]} Rc4 {[%clk 0:01:54]} 34. Rxa7 {[%clk 0:00:25]} Kf7
{[%clk 0:01:58]} 35. Kf1 {[%clk 0:00:29]} Ke6 {[%clk 0:02:02]} 36. Ke2
{[%clk 0:00:29]} d5 {[%clk 0:02:06]} 37. Ra6+ {[%clk 0:00:26]} c6
{[%clk 0:01:53]} 38. Ra7 {[%clk 0:00:30]} Rg4 {[%clk 0:01:52]} 39. g3
{[%clk 0:00:30]} h5 {[%clk 0:01:54]} 40. Ke3 {[%clk 0:00:22]} Re4+
{[%clk 0:01:48]} 41. Kd3 {[%clk 0:00:20]} Rg4 {[%clk 0:01:48]} 42. Ke3
{[%clk 0:00:24]} Re4+ {[%clk 0:01:53]} 43. Kd4 1/2-1/2

[Event "Agen 2017 National playoff"]
[Site "?"]
[Date "2017.08.27"]
[Round "10.3"]
[White "Bacrot, Etienne"]
[Black "Fressinet, Laurent"]
[Result "1/2-1/2"]
[BlackElo "2650"]
[WhiteElo "2715"]
[LiveChessVersion "1.4.8"]

1. d4 {[%clk 0:03:03]} Nf6 {[%clk 0:03:03]} 2. c4 {[%clk 0:03:04]} e6
{[%clk 0:03:04]} 3. Nf3 {[%clk 0:03:05]} d5 {[%clk 0:03:05]} 4. Nc3
{[%clk 0:03:06]} c6 {[%clk 0:03:07]} 5. Bg5 {[%clk 0:03:06]} Nbd7
{[%clk 0:03:08]} 6. cxd5 {[%clk 0:03:05]} exd5 {[%clk 0:03:09]} 7. e3
{[%clk 0:03:06]} Qa5 {[%clk 0:03:09]} 8. Bd3 {[%clk 0:02:58]} Ne4
{[%clk 0:03:10]} 9. Qc2 {[%clk 0:02:53]} Nxg5 {[%clk 0:03:05]} 10. Nxg5
{[%clk 0:02:53]} Nf6 {[%clk 0:03:01]} 11. O-O {[%clk 0:02:48]} h6
{[%clk 0:02:49]} 12. Nf3 {[%clk 0:02:49]} Bd6 {[%clk 0:02:48]} 13. Rae1
{[%clk 0:02:26]} O-O {[%clk 0:02:43]} 14. Ne5 {[%clk 0:02:27]} Bxe5
{[%clk 0:02:05]} 15. dxe5 {[%clk 0:02:27]} Ng4 {[%clk 0:02:06]} 16. f4
{[%clk 0:02:28]} Nxe3 {[%clk 0:01:56]} 17. Rxe3 {[%clk 0:02:11]} d4
{[%clk 0:01:58]} 18. Ree1 {[%clk 0:02:08]} dxc3 {[%clk 0:01:58]} 19. bxc3
{[%clk 0:02:09]} Re8 {[%clk 0:01:46]} 20. Kh1 {[%clk 0:02:09]} Bd7
{[%clk 0:01:32]} 21. Bc4 {[%clk 0:01:43]} Be6 {[%clk 0:01:23]} 22. Bxe6
{[%clk 0:01:36]} Rxe6 {[%clk 0:01:24]} 23. Rd1 {[%clk 0:01:13]} Rd8
{[%clk 0:01:08]} 24. Rd4 {[%clk 0:00:45]} c5 {[%clk 0:00:58]} 25. Rxd8+
{[%clk 0:00:39]} Qxd8 {[%clk 0:00:59]} 26. Rd1 {[%clk 0:00:38]} Qc7
{[%clk 0:00:54]} 27. Rd5 {[%clk 0:00:26]} g6 {[%clk 0:00:51]} 28. Qd2
{[%clk 0:00:26]} Kg7 {[%clk 0:00:43]} 29. h3 {[%clk 0:00:25]} Qc6
{[%clk 0:00:36]} 30. c4 {[%clk 0:00:21]} h5 {[%clk 0:00:37]} 31. Kh2
{[%clk 0:00:21]} b6 {[%clk 0:00:35]} 32. Qd3 {[%clk 0:00:19]} Re7
{[%clk 0:00:25]} 33. Rd6 {[%clk 0:00:18]} Qc8 {[%clk 0:00:24]} 34. Qe4
{[%clk 0:00:16]} Qc7 {[%clk 0:00:23]} 35. Qd5 {[%clk 0:00:16]} Qc8
{[%clk 0:00:23]} 36. Qe4 {[%clk 0:00:16]} Qc7 {[%clk 0:00:25]} 37. Rd5
{[%clk 0:00:17]} Qc8 {[%clk 0:00:18]} 38. Qd3 {[%clk 0:00:16]} Qc7
{[%clk 0:00:09]} 39. Rd6 {[%clk 0:00:12]} Qc8 {[%clk 0:00:10]} 40. Rd8
{[%clk 0:00:12]} Qc6 {[%clk 0:00:09]} 41. Qd5 {[%clk 0:00:11]} Qe6
{[%clk 0:00:07]} 42. Qxe6 {[%clk 0:00:09]} Rxe6 {[%clk 0:00:05]} 43. Rd7
{[%clk 0:00:10]} g5 {[%clk 0:00:04]} 44. Kg3 {[%clk 0:00:10]} a6 {[%clk 0:00:05]}
45. Ra7 {[%clk 0:00:11]} b5 {[%clk 0:00:06]} 46. Rc7 {[%clk 0:00:11]} bxc4 47.
Rxc5 {[%clk 0:00:12]} Kg6 {[%clk 0:00:05]} 48. Rxc4 {[%clk 0:00:12]} Rb6
{[%clk 0:00:06]} 49. Rd4 {[%clk 0:00:12]} Kf5 {[%clk 0:00:05]} 50. Rd6
{[%clk 0:00:12]} gxf4+ {[%clk 0:00:06]} 51. Kh4 {[%clk 0:00:12]} Rb2
{[%clk 0:00:07]} 52. Rxa6 {[%clk 0:00:11]} Rxg2 {[%clk 0:00:07]} 53. Rf6+
{[%clk 0:00:11]} Kxe5 {[%clk 0:00:08]} 54. Rxf7 {[%clk 0:00:12]} Rxa2
{[%clk 0:00:05]} 55. Kxh5 {[%clk 0:00:12]} Ke4 {[%clk 0:00:07]} 56. h4
{[%clk 0:00:11]} f3 {[%clk 0:00:07]} 57. Kg5 {[%clk 0:00:08]} Rg2+
{[%clk 0:00:06]} 58. Kh6 {[%clk 0:00:07]} Rg4 {[%clk 0:00:05]} 59. h5
{[%clk 0:00:04]} Rf4 {[%clk 0:00:07]} 60. Re7+ {[%clk 0:00:05]} Kd3
{[%clk 0:00:08]} 61. Re1 {[%clk 0:00:06]} f2 {[%clk 0:00:07]} 62. Ra1
{[%clk 0:00:07]} f1=Q {[%clk 0:00:07]} 63. Rxf1 {[%clk 0:00:08]} Rxf1
{[%clk 0:00:08]} 64. Kg6 {[%clk 0:00:10]} Ke4 {[%clk 0:00:09]} 65. h6
{[%clk 0:00:11]} Rg1+ {[%clk 0:00:07]} 66. Kf7 {[%clk 0:00:12]} Rf1+
{[%clk 0:00:05]} 67. Kg7 {[%clk 0:00:13]} Kf5 {[%clk 0:00:05]} 68. h7
{[%clk 0:00:15]} Rg1+ {[%clk 0:00:07]} 69. Kf7 {[%clk 0:00:16]} Rh1
{[%clk 0:00:08]} 70. Kg7 {[%clk 0:00:17]} Rxh7+ {[%clk 0:00:08]} 71. Kxh7 1/2-1/2

[Event "Agen 2017 National playoff"]
[Site "?"]
[Date "2017.08.27"]
[Round "10.4"]
[White "Fressinet, Laurent"]
[Black "Bacrot, Etienne"]
[Result "1/2-1/2"]
[BlackElo "2715"]
[WhiteElo "2650"]
[LiveChessVersion "1.4.8"]

1. e4 {[%clk 0:03:03]} c5 {[%clk 0:03:04]} 2. Nf3 {[%clk 0:03:04]} d6
{[%clk 0:03:05]} 3. d4 {[%clk 0:03:03]} cxd4 {[%clk 0:03:06]} 4. Nxd4
{[%clk 0:03:04]} Nf6 {[%clk 0:03:06]} 5. Nc3 {[%clk 0:03:05]} a6 {[%clk 0:03:07]}
6. g3 {[%clk 0:03:06]} g6 {[%clk 0:03:09]} 7. Bg2 {[%clk 0:03:06]} Bg7
{[%clk 0:03:10]} 8. O-O {[%clk 0:03:05]} O-O {[%clk 0:03:10]} 9. h3
{[%clk 0:03:06]} Bd7 {[%clk 0:03:03]} 10. Be3 {[%clk 0:03:04]} Nc6
{[%clk 0:03:04]} 11. Nde2 {[%clk 0:03:01]} Rc8 {[%clk 0:03:02]} 12. Nd5
{[%clk 0:02:52]} b5 {[%clk 0:02:38]} 13. Qd2 {[%clk 0:02:34]} Nxd5
{[%clk 0:02:37]} 14. exd5 {[%clk 0:02:35]} Na5 {[%clk 0:02:38]} 15. b3
{[%clk 0:02:37]} Nb7 {[%clk 0:02:18]} 16. Bd4 {[%clk 0:02:36]} Qc7
{[%clk 0:02:11]} 17. Rac1 {[%clk 0:02:24]} Rfe8 {[%clk 0:01:53]} 18. Rfe1
{[%clk 0:02:22]} Nc5 {[%clk 0:01:47]} 19. h4 {[%clk 0:02:16]} e5 {[%clk 0:01:35]}
20. dxe6 {[%clk 0:02:16]} fxe6 {[%clk 0:01:35]} 21. Bxg7 {[%clk 0:02:08]} Kxg7
{[%clk 0:01:36]} 22. Rcd1 {[%clk 0:02:01]} d5 {[%clk 0:01:35]} 23. h5
{[%clk 0:02:02]} Qe5 {[%clk 0:01:21]} 24. Nf4 {[%clk 0:01:32]} Qf6
{[%clk 8:01:18]} 25. hxg6 {[%clk 0:01:23]} hxg6 {[%clk 0:01:19]} 26. Re3
{[%clk 0:01:24]} Rh8 {[%clk 0:00:51]} 27. Rde1 {[%clk 0:01:23]} g5
{[%clk 0:00:49]} 28. Nd3 {[%clk 0:00:34]} Nxd3 {[%clk 0:00:37]} 29. cxd3
{[%clk 0:00:31]} g4 {[%clk 0:00:18]} 30. Re5 {[%clk 0:00:31]} Rh6
{[%clk 0:00:13]} 31. Rg5+ {[%clk 0:00:24]} Rg6 {[%clk 0:00:14]} 32. Rxg6+
{[%clk 0:00:25]} Kxg6 {[%clk 0:00:14]} 33. d4 {[%clk 0:00:14]} Qg5
{[%clk 0:00:13]} 34. Qd3+ {[%clk 0:00:10]} Qf5 {[%clk 0:00:14]} 35. Qe3
{[%clk 0:00:10]} Qg5 {[%clk 0:00:14]} 36. Qd3+ {[%clk 0:00:09]} Qf5
{[%clk 0:00:15]} 37. Qe3 {[%clk 0:00:06]} Qg5 {[%clk 0:00:16]} 38. Qe2
{[%clk 0:00:06]} Rh8 {[%clk 0:00:15]} 39. Qd3+ {[%clk 0:00:05]} Qf5
{[%clk 0:00:14]} 40. Qc3 {[%clk 0:00:06]} Rc8 {[%clk 0:00:15]} 41. Qe3
{[%clk 0:00:07]} Qg5 {[%clk 0:00:16]} 42. Qd3+ {[%clk 0:00:08]} Qf5
{[%clk 0:00:17]} 43. Qe3 {[%clk 0:00:10]} 1/2-1/2